000 00447nam a2200205Ia 4500
003 0100
008 130307s9999 xx 000 0 und d
040 _cARRUPELIB
050 _aB357.A2B93
100 _aPlato
245 _aPlato's Euthyphro
245 _bapology of Socrates, and Crito
260 _aOxford
260 _bClarendon Press
260 _c1924
300 _a219p.
300 _b19cm
700 _aBurnet, John
942 0 0 _02
999 _c88387
_d88387